Normal view
MARC view
- Bai H
Entry Personal Name
001 - CONTROL NUMBER
- control field: 197740
003 - CONTROL NUMBER IDENTIFIER
- control field: OSt
005 - DATE AND TIME OF LATEST TRANSACTION
- control field: 20230714215324.0
008 - FIXED-LENGTH DATA ELEMENTS
- fixed length control field: 230714|| aca||aabn | a|a d
040 ## - CATALOGING SOURCE
- Original cataloging agency: OSt
- Transcribing agency: OSt
100 ## - HEADING--PERSONAL NAME
- Personal name: Bai H
670 ## - SOURCE DATA FOUND
- Source citation: Work cat.: (OSt)215687: Bai H., Zen Of Cloud, 2014